000 00936nam a22002657a 4500
003 URS
005 20250828100453.0
008 160523b xxu||||| |||| 00| 0 eng d
020 _a978 - 971 - 571 - 116 - 3
040 _aURS
_cURS
041 _aeng
050 0 0 _aLB 1765
_b.P6 .A44 2002
100 1 _aAlferez, Merle S.
_eauthor
245 _aMSA LET licensure examination for teachers reviewer
_cMerle S. Alferez, Amacha A. Feliciano and Maria Cecilia A. Duro
264 _aQuezon City
_bMSA Academic Advancement Institute
_c©2002
300 _a141 pages ;
_c21 cm
336 _2rdacontent
_atext
337 _2rdamedia
_aunmediated
338 _2rdacarrier
_avolume
650 _aTeachers - - Philippines - Examinations, questions, etc.
650 _aEducation - - Philippines - - Examinations, questions, etc.
700 1 _aFeliciano, Amacha A.
_eauthor
700 1 _aDuro, Maria Cecilia S.
_eauthor
942 _cF
_2lcc
999 _c84695
_d84693